Field of dreams : (Record no. 388)

MARC details
000 -LEADER
fixed length control field 01161nam a22003257a 4500
001 - CONTROL NUMBER
control field 388
003 - CONTROL NUMBER IDENTIFIER
control field FISKH
005 - DATE AND TIME OF LATEST TRANSACTION
control field 20230405150603.0
008 - FIXED-LENGTH DATA ELEMENTS--GENERAL INFORMATION
fixed length control field 230405b cb ||||| |||| 00| 0 eng d
020 ## - INTERNATIONAL STANDARD BOOK NUMBER
International Standard Book Number 9780977039135 (alk. paper)
040 ## - CATALOGING SOURCE
Original cataloging agency DLC
Transcribing agency DLC
050 00 - LIBRARY OF CONGRESS CALL NUMBER
Classification number MLCM 2012/40329 (P)
082 ## - DEWEY DECIMAL CLASSIFICATION NUMBER
Classification number 813.6
100 1# - MAIN ENTRY--PERSONAL NAME
Personal name Hoog, Mark E.
245 10 - TITLE STATEMENT
Title Field of dreams :
Remainder of title a growing field adventure /
Statement of responsibility, etc. written by Mark E. Hoog ; illustrated by Mark Wayne Adams.
260 ## - PUBLICATION, DISTRIBUTION, ETC.
Place of publication, distribution, etc. Ft. Collins, CO :
Name of publisher, distributor, etc. Growing Field Books,
Date of publication, distribution, etc. [2009?].
300 ## - PHYSICAL DESCRIPTION
Extent 44 p. :
Other physical details col. ill. ;
Dimensions 23 x 29 cm.
505 ## - FORMATTED CONTENTS NOTE
Formatted contents note K
520 ## - SUMMARY, ETC.
Summary, etc. In the magical Growing Field two young farmers discover their own field Of dreams and learn to grow their own seeds of success.
521 8# - TARGET AUDIENCE NOTE
Target audience note 600
Source Lexile estimate
521 8# - TARGET AUDIENCE NOTE
Target audience note K <br/>
Source Raz-Plus
650 ## - SUBJECT ADDED ENTRY--TOPICAL TERM
Topical term or geographic name entry element Self-esteem--Fiction.
650 ## - SUBJECT ADDED ENTRY--TOPICAL TERM
Topical term or geographic name entry element Stories in rhyme
650 ## - SUBJECT ADDED ENTRY--TOPICAL TERM
Topical term or geographic name entry element Success--Fiction
650 ## - SUBJECT ADDED ENTRY--TOPICAL TERM
Topical term or geographic name entry element Self-actualization (Psychology) -- Juvenile fiction
700 1# - ADDED ENTRY--PERSONAL NAME
Personal name Adams, Mark Wayne,
Dates associated with a name 1971-
Relator term ill.
906 ## - LOCAL DATA ELEMENT F, LDF (RLIN)
a 7
b cbc
c orignew
d 4
e epcn
f 20
g y-gencatlg
942 ## - ADDED ENTRY ELEMENTS (KOHA)
Source of classification or shelving scheme Dewey Decimal Classification
Koha item type Books
Suppress in OPAC No
Holdings
Withdrawn status Lost status Source of classification or shelving scheme Damaged status Not for loan Collection Home library Current library Shelving location Date acquired Total Checkouts Full call number Barcode Date last seen Date last checked out Price effective from Koha item type
    Dewey Decimal Classification     Juvenile Fiction Footprints International School Library Network Toul Kork Campus Footprints International School Library Network Toul Kork Campus TK Primary Library Room(4th Floor), Bookcase 3&4, Shelves 17-32, Yellow Books 04/05/2023 2 HOO 813.6 PZ7 FISBK00409 06/10/2025 03/14/2025 04/05/2023 Books